| 000 | 00872cab a2200277 4500 | ||
|---|---|---|---|
| 001 | ABS48846 | ||
| 008 | 090401t1993 xxu||||| |||| 00| 0 eng d | ||
| 035 | _a(Sirsi) u68793 | ||
| 041 | _aeng | ||
| 100 | _aBate, R. | ||
| 245 | _aMinerals in National Parks: a priority for review | ||
| 260 | _c1993 | ||
| 350 | _a0 | ||
| 490 |
_aMineral Planning _v(55) June 1993, 3-6(4) |
||
| 520 | _aProvides information on the extent of quarrying in national parks, looking at distribution of workings, restoration of countryside, permitted reserves of aggregates and the re-opening of dormant sites. | ||
| 650 | _aAGGREGATES | ||
| 650 | _aLIMESTONE | ||
| 650 | _aMINERAL EXTRACTION | ||
| 650 | _aNATIONAL PARKS | ||
| 650 | _aPLANNING PERMISSION | ||
| 650 | _aQUARRIES | ||
| 650 | _aQUARRYING | ||
| 690 | _aMINING AND MINERALS | ||
| 942 | _n0 | ||
| 948 | _c04/03/1997 | ||
| 999 |
_c43181 _d43181 |
||